中国所有资源枯竭型城市(城市点位地图版) - Statistics

General Stats
  • This quiz has been taken 49 times
  • The average score is 31 of 78
Answers on the Map
Answers color-coded by a green-red scale on the quiz's map according to % correct below.
 
Answer Stats
省级行政区 城市 % Correct
黑龙江省 鹤岗市
68%
安徽省 铜陵市
63%
江西省 景德镇市
63%
内蒙古自治区 乌海市
60%
辽宁省 阜新市
60%
辽宁省 抚顺市
58%
甘肃省 玉门市
58%
黑龙江省 双鸭山市
55%
黑龙江省 伊春市
55%
黑龙江省 七台河市
55%
河南省 濮阳市
55%
内蒙古自治区 阿尔山市
53%
辽宁省 盘锦市
53%
安徽省 淮北市
53%
江西省 萍乡市
53%
内蒙古自治区 额尔古纳市
50%
内蒙古自治区 根河市
50%
江西省 新余市
50%
河南省 焦作市
50%
广东省 韶关市
50%
甘肃省 白银市
50%
河北省 井陉矿区
48%
内蒙古自治区 牙克石市
48%
内蒙古自治区 扎兰屯市
48%
山东省 枣庄市
48%
湖北省 黄石市
48%
陕西省 铜川市
48%
宁夏回族自治区 石嘴山市
48%
内蒙古自治区 鄂伦春自治旗
45%
黑龙江省 大兴安岭地区
45%
黑龙江省 嘉荫县
45%
湖北省 大冶市
45%
吉林省 白山市
43%
吉林省 敦化市
43%
黑龙江省 五大连池市
43%
湖北省 潜江市
43%
云南省 个旧市
43%
河北省 鹰手营子矿区
40%
吉林省 辽源市
40%
云南省 东川区
40%
辽宁省 北票市
38%
黑龙江省 爱辉区
38%
黑龙江省 逊克县
38%
河南省 灵宝市
38%
四川省 泸州市
38%
河北省 下花园区
35%
山西省 霍州市
35%
山西省 孝义市
35%
辽宁省 南票区
35%
吉林省 汪清县
35%
江苏省 贾汪区
35%
黑龙江省 铁力市
33%
湖北省 钟祥市
33%
湖北省 松滋市
33%
湖南省 冷水江市
33%
四川省 华蓥市
33%
内蒙古自治区 石拐区
30%
山东省 新泰市
30%
湖南省 资兴市
30%
湖南省 涟源市
30%
海南省 昌江黎族自治县
30%
陕西省 潼关县
30%
辽宁省 弓长岭区
28%
江西省 大余县
28%
重庆市 綦江区
28%
辽宁省 连山区
25%
吉林省 九台区
25%
吉林省 舒兰市
25%
山东省 淄川区
25%
湖南省 耒阳市
25%
广西壮族自治区 合山市
25%
重庆市 南川区
25%
贵州省 万山区
25%
湖南省 常宁市
23%
广西壮族自治区 平桂区
23%
甘肃省 红古区
23%
吉林省 二道江区
18%
云南省 易门县
15%
No matching quizzes found
Score Distribution
Percent of People with Each Score
Percentile by Number Answered
Your Score History
You have not taken this quiz